Gálatas. La epístola de la apertura de fronteras.
Guardat en:
| Autor principal: | |
|---|---|
| Format: | Desconegut |
| Idioma: | anglès |
| Publicat: |
Bogotá, Colombia:
Pontificia Universidad Javeriana,
2014.
|
| Edició: | 1a. edición. |
| Col·lecció: | Colección Estudios Bíblicos.
|
| Matèries: | |
| Etiquetes: |
Afegir etiqueta
Sense etiquetes, Sigues el primer a etiquetar aquest registre!
|
MARC
| LEADER | 00000 a2200000 4500 | ||
|---|---|---|---|
| 003 | CL-VaPUC | ||
| 005 | 20230412160804.0 | ||
| 008 | 230410t2014 ||||| |||| 00| 0 eng d | ||
| 999 | |c 439712 |d 439710 | ||
| 020 | |a 978-958-715-999-8 | ||
| 040 | |c Pontificia Universidad Católica de Valparaíso | ||
| 082 | |2 22 |a 227.4 FER 2014 | ||
| 100 | |a Ferreira, Joel Antônio |9 879304 |e autor | ||
| 245 | |a Gálatas. |b La epístola de la apertura de fronteras. | ||
| 250 | |a 1a. edición. | ||
| 260 | |a Bogotá, Colombia: |b Pontificia Universidad Javeriana, |c 2014. | ||
| 300 | |a 212 páginas. | ||
| 490 | |a Colección Estudios Bíblicos. | ||
| 583 | |k GC |c 20230410 | ||
| 650 | 0 | |9 257603 |a Biblia |x Epístola a los gálatas |x Pablo de Tarso | |
| 650 | 0 | |9 257603 |a Biblia |x Epístolas católicas | |
| 942 | |2 ddc |c BK | ||
| 952 | |0 0 |1 0 |2 ddc |4 0 |6 227_400000000000000_FER_2014 |7 0 |8 A |9 589484 |a BIBTEO |b BIBTEO |c GEN |d 2023-04-05 |e 178 |g 5466.22 |i 5657000 |o 227.4 FER 2014 |p 5657000 |r 2025-01-17 |t 1 |v 5466.22 |w 2023-04-05 |y BK |k ICR | ||